Actrices françaises sans voyelle. - Statistiques

Statistiques générales
  • Ce quiz a été pris 106 fois
  • Le résultat moyen est 14 sur 20
Statistiques - réponses
HINT ANSWER % Correct
C_th_r_n_ D_n__v_ Catherine Deneuve
97%
V_rg_n__ _f_r_ Virginie Efira
93%
_s_b_ll_ H_pp_rt Isabelle Huppert
85%
J_s__n_ B_l_sk_ Josiane Balasko
84%
_s_b_ll_ _dj_n_ Isabelle Adjani
76%
S_m_n_ S_gn_r_t Simone Signoret
75%
_mm_n__ll_ B__rt Emmanuelle Beart
73%
L__ Dr_ck_r Lea Drucker
73%
_s_b_ll_ C_rr_ Isabelle Carré
72%
N_th_l__ B___ Nathalie Baye
69%
V_l_r__ B_nn_t_n Valerie Bonneton
69%
_mm_n__ll_ D_v_s Emmanuelle Devos
66%
S_z_n_ Fl_n Suzane Flon
65%
Ch_nt_l L__b_ Chantal Lauby
64%
Ch_nt_l L_d_s__ Chantal Ladesou
63%
_l_d__ B__ch_z Elodie Bouchez
63%
C_r_l_ B__q__t Carole Bouquet
61%
F_nn_ C_tt_nç_n Fanny Cottençon
52%
N_d__ F_r_s Nadia Fares
42%
R_s_ V_rt_ Rosy Varte
35%
Aucun quiz correspondant
Distribution des résultats
% des personnes avec chaque résultat
Percentile par nombre de réponses
Votre historique - résultats
Vous n’avez pas pris ce quiz